| 000 | 00682nam a2200241Ia 4500 | ||
|---|---|---|---|
| 003 | OSt | ||
| 005 | 20220918225532.0 | ||
| 006 | a|||||r|||| 00| 0 | ||
| 007 | ta | ||
| 008 | 220917b |||||||| |||| 00| 0 eng d | ||
| 024 | _a242,374 | ||
| 037 | _cTextual | ||
| 040 |
_aARTS _cARTS _beng |
||
| 041 |
_2eng _aeng |
||
| 082 | _aP.2'D, M4 | ||
| 100 |
_aKumar Dr. Pushpendra Ed. _9150612 |
||
| 245 | 0 | _aLinguistic thought in ancient Indian | |
| 260 |
_aDelhi _bNag Publishers _c1984 |
||
| 650 | _aLINGUISTICS | ||
| 700 |
_a Joshi Prof. R V Tr. _9150613 |
||
| 942 |
_hP.2'D, M4 _cTEXL _2CC |
||
| 999 |
_c284984 _d284984 |
||